Freshwater Aquarium Fish - Statistics

General Stats
  • This quiz has been taken 398 times
  • The average score is 8 of 16
Answer Stats
Picture Answer % Correct
Betta
96%
Guppy
89%
Angelfish
83%
Neon Tetra
79%
Discus
74%
Cardinal Tetra
51%
Platy
49%
Albino Cory
44%
Honey Gourami
42%
Dwarf Gourami
41%
Cherry Barb
39%
Bristlenose Pleco
37%
Kuhli Loach
33%
Congo Tetra
29%
Otocinclus
28%
Siamese Algae Eater
26%
No matching quizzes found
Score Distribution
Percent of People with Each Score
Percentile by Number Answered
Your Score History
You have not taken this quiz